| 000 | 01108nam a22002411a 4500 | ||
|---|---|---|---|
| 999 |
_c12069 _d12069 |
||
| 001 | 12069 | ||
| 003 | OSt | ||
| 005 | 20260204212309.0 | ||
| 008 | 141013s2012||||dr ||||||b||||||||||spa|| | ||
| 090 | _aINF 2012 P65 | ||
| 100 | 1 |
_aPolanco Díaz, Rafael _esustentante |
|
| 245 | 1 | _aTutorial video-gráfico de matemáticas (TUVIM-AT) para estudiantes del primer grado de educación básica / Rafael Polanco Díaz y Giselle Escarlet Valverde Fabián ; asesor Reyna María de la Rosa Portorreal, M.A. | |
| 260 |
_aCotuí, República Dominicana : _bUTECO, _c2012 |
||
| 300 | _a44 hojas | ||
| 502 | _aTrabajo de grado (Licenciatura en informática)--Universidad Tecnológica del Cibao Oriental, 2012. | ||
| 504 | _aincluye referencia bibliográfica e índice | ||
| 650 | 4 | _aTutorial video-gráfico de matemáticas | |
| 700 | 1 |
_aDíaz, Rafael Polanco _esustentante |
|
| 700 | 1 |
_aValverde Fabián, Giselle Escarlet _esustentante |
|
| 700 | 1 |
_aDe la Rosa Portorreal, Reyna María _easesor |
|
| 830 | _aTesis y disertaciones académicas (Universidad Tecnológica del Cibao Oriental) | ||
| 942 |
_2LC _cTH |
||